[Event "Sharjah Blitz"]
[Site "Sharjah"]
[Date "2023.03.28"]
[Round "9"]
[White "Al Hosani, Omran"]
[Black "Erdogdu, Mert"]
[Result "1-0"]
[WhiteElo "2270"]
[BlackElo "2413"]
[PlyCount "78"]
[EventDate "2023.03.28"]
[EventType "swiss (blitz)"]
[EventRounds "9"]
[EventCountry "UAE"]
[SourceTitle "CBM 213 Extra"]
[Source "ChessBase"]
[SourceDate "2023.05.31"]
[SourceVersion "1"]
[SourceVersionDate "2023.05.31"]
[SourceQuality "1"]

1. d4 Nf6 2. Nf3 g6 3. g3 Bg7 4. Bg2 d5 5. 0-0 0-0 6. c4 dxc4 7. Na3 c3 8. bxc3 c5 9. Nc4 Nc6 10. e3 Be6 11. Nce5 Bd5 12. Ba3 Nxe5 13. Nxe5 Bxg2 14. Kxg2 Ne4 15. Qc2 Ng5 16. h4 Ne6 17. Qe4 Qa5 18. Bb2 cxd4 19. cxd4 Rac8 20. Rfc1 Rxc1 21. Rxc1 Qxa2 22. Qxb7 Qa4 23. Rc4 Qd1 24. Nf3 Qe2 25. Ra4 Bf6 26. Rxa7 Rd8 27. Qb3 h5 28. Ng1 Qe1 29. Qc3 Qxc3 30. Bxc3 Rc8 31. Bb4 Rc2 32. Bxe7 Bxe7 33. Rxe7 Ng7 34. e4 Ne6 35. d5 Nc5 36. Rc7 Kf8 37. d6 Ke8 38. Nf3 Kd8 39. Ne5 Rxf2+ 1-0

[Event "Sharjah Rapid"]
[Site "Sharjah"]
[Date "2023.03.26"]
[Round "4"]
[White "Erdogdu, Mert"]
[Black "Amin, Bassem"]
[Result "0-1"]
[WhiteElo "2413"]
[BlackElo "2692"]
[PlyCount "90"]
[EventDate "2023.03.26"]
[EventType "swiss (rapid)"]
[EventRounds "9"]
[EventCountry "UAE"]
[SourceTitle "CBM 213 Extra"]
[Source "ChessBase"]
[SourceDate "2023.05.31"]
[SourceVersion "1"]
[SourceVersionDate "2023.05.31"]
[SourceQuality "1"]

1. e4 e5 2. Nf3 Nc6 3. Bc4 Nf6 4. d3 h6 5. 0-0 d6 6. c3 g6 7. a4 Bg7 8. Na3 0-0 9. Nc2 d5 10. exd5 Nxd5 11. a5 a6 12. Re1 Be6 13. Qe2 Re8 14. h3 Qd7 15. Ne3 Nf4 16. Qc2 Bxc4 17. dxc4 e4 18. Rd1 Nd3 19. Nd5 Ne7 20. Nf4 Rad8 21. Ne1 Nxe1 22. Rxe1 Nf5 23. Nd5 c6 24. Nb6 Qd6 25. Be3 Nxe3 26. Rxe3 f5 27. Rae1 h5 28. b4 Kh7 29. c5 Qe6 30. R3e2 Qf6 31. c4 Rd4 32. Rd1 Red8 33. Red2 h4 34. Rxd4 Rxd4 35. Rxd4 Qxd4 36. Kf1 Qa1+ 37. Ke2 Bc3 38. Ke3 Bxb4 39. Nd7 Bxa5 40. Kf4 Kh6 41. f3 Bc7+ 42. Ke3 Qe1+ 43. Kd4 e3 44. Qd3 Qd2 45. Nf6 Be5+ 0-1

[Event "Titled Tuesday intern op 14th Feb Early"]
[Site "Chess.com INT"]
[Date "2023.02.14"]
[Round "2"]
[White "Begunov, Konstantin"]
[Black "Erdogdu, Mert"]
[Result "0-1"]
[WhiteElo "2325"]
[BlackElo "2413"]
[PlyCount "56"]
[EventDate "2023.02.14"]
[EventType "swiss (blitz)"]
[EventRounds "11"]
[EventCountry "USA"]
[SourceTitle "CBM 212 Extra"]
[Source "ChessBase"]
[SourceDate "2023.03.31"]
[SourceVersion "1"]
[SourceVersionDate "2023.03.31"]
[SourceQuality "1"]

1. d4 d5 2. c4 e6 3. Nc3 c5 4. cxd5 exd5 5. Nf3 Nc6 6. g3 Nf6 7. Bg2 Be7 8. 0-0 0-0 9. Bg5 cxd4 10. Nxd4 h6 11. Be3 Re8 12. Rc1 Bg4 13. Re1 Qd7 14. Nxc6 bxc6 15. Na4 Bh3 16. Bf3 Rac8 17. Bc5 Bd8 18. Qd4 Ne4 19. Bxa7 Bf6 20. Qe3 Ng5 21. Qc5 Ra8 22. Nb6 Qxa7 23. Nxa8 Qxc5 24. Rxc5 Nxf3+ 25. Kh1 Nxe1 26. Nc7 Rxe2 27. Rxc6 Nd3 28. Nxd5 Re1# 0-1

[Event "Titled Tuesday intern op 14th Feb Late"]
[Site "Chess.com INT"]
[Date "2023.02.14"]
[Round "3"]
[White "Erdogdu, Mert"]
[Black "Deac, Bogdan Daniel"]
[Result "0-1"]
[WhiteElo "2413"]
[BlackElo "2700"]
[PlyCount "70"]
[EventDate "2023.02.14"]
[EventType "swiss (blitz)"]
[EventRounds "11"]
[EventCountry "USA"]
[SourceTitle "CBM 212 Extra"]
[Source "ChessBase"]
[SourceDate "2023.03.31"]
[SourceVersion "1"]
[SourceVersionDate "2023.03.31"]
[SourceQuality "1"]

1. e4 c5 2. Nf3 Nc6 3. d4 cxd4 4. Nxd4 Qb6 5. Nb3 Nf6 6. Nc3 e6 7. Bd3 a6 8. Be3 Qc7 9. f4 d6 10. Qf3 b5 11. 0-0-0 Bb7 12. g4 Be7 13. g5 Nd7 14. Kb1 Na5 15. Qh3 Nc4 16. Bc1 Ndb6 17. Nd4 b4 18. Nce2 g6 19. Rhf1 Bc8 20. f5 e5 21. Nb3 Bd7 22. Qf3 d5 23. fxg6 fxg6 24. Qf7+ Kd8 25. exd5 a5 26. Qg7 Re8 27. Qxh7 a4 28. Nd2 b3 29. cxb3 axb3 30. Nxb3 Qa7 31. Nc3 Bb4 32. Rf2 Bxc3 33. bxc3 Nxd5 34. Rc2 Nxc3+ 35. Rxc3 Qxa2# 0-1

[Event "Titled Tuesday intern op 31st Jan Late"]
[Site "Chess.com INT"]
[Date "2023.01.31"]
[Round "7"]
[White "Erdogdu, Mert"]
[Black "Golubev, Mikhail"]
[Result "1/2-1/2"]
[WhiteElo "2413"]
[BlackElo "2461"]
[PlyCount "94"]
[EventDate "2023.01.31"]
[EventType "swiss (blitz)"]
[EventRounds "11"]
[EventCountry "USA"]
[SourceTitle "CBM 212 Extra"]
[Source "ChessBase"]
[SourceDate "2023.03.31"]
[SourceVersion "1"]
[SourceVersionDate "2023.03.31"]
[SourceQuality "1"]

1. e4 c5 2. Nf3 d6 3. d4 cxd4 4. Nxd4 Nf6 5. Nc3 g6 6. Be3 Bg7 7. f3 0-0 8. Qd2 Nc6 9. Bc4 Nxd4 10. Bxd4 Be6 11. Bb3 Qa5 12. 0-0-0 b5 13. Kb1 b4 14. Nd5 Bxd5 15. exd5 Qb5 16. Rhe1 a5 17. Qd3 Qxd3 18. cxd3 Rab8 19. Rxe7 Nxd5 20. Bxd5 Bxd4 21. Rc1 Rb5 22. Bb3 Re5 23. Rxe5 dxe5 24. Rc7 Kg7 25. Kc2 g5 26. g4 Bg1 27. h3 Bd4 28. Bd5 a4 29. Rb7 a3 30. bxa3 bxa3 31. Kb3 Bb2 32. Kb4 Kg6 33. Kc5 Kf6 34. Bc4 h6 35. Kd6 Rd8+ 36. Kc6 Rc8+ 37. Kd5 Rd8+ 38. Ke4 Rf8 39. Rb6+ Kg7 40. Kf5 Kh7 41. Rb7 Kg7 42. Rd7 Kg8 43. Bd5 Kg7 44. Rb7 Kg8 45. Bc4 Kg7 46. Ra7 Kg8 47. Rb7 Kg7 1/2-1/2

[Event "Titled Tuesday intern op 31st Jan Late"]
[Site "Chess.com INT"]
[Date "2023.01.31"]
[Round "6"]
[White "Erdogdu, Mert"]
[Black "Ibadov, Dashgyn"]
[Result "1-0"]
[WhiteElo "2413"]
[BlackElo "2333"]
[PlyCount "97"]
[EventDate "2023.01.31"]
[EventType "swiss (blitz)"]
[EventRounds "11"]
[EventCountry "USA"]
[SourceTitle "CBM 212 Extra"]
[Source "ChessBase"]
[SourceDate "2023.03.31"]
[SourceVersion "1"]
[SourceVersionDate "2023.03.31"]
[SourceQuality "1"]

1. e4 e5 2. Nf3 Nc6 3. Bc4 Bc5 4. d3 Nf6 5. 0-0 d6 6. c3 a6 7. a4 Ba7 8. Na3 0-0 9. Bg5 h6 10. Bh4 g5 11. Bg3 Nh7 12. Nc2 Qf6 13. Ne3 Be6 14. Nd5 Bxd5 15. Bxd5 h5 16. h3 Qg6 17. d4 exd4 18. cxd4 Nf6 19. Bxc6 bxc6 20. e5 Ne4 21. Bh2 g4 22. hxg4 hxg4 23. Nh4 Qh5 24. Qd3 d5 25. Bg3 f5 26. exf6 Rxf6 27. Rac1 Raf8 28. Qe3 c5 29. dxc5 c6 30. b4 Bb8 31. Bxb8 Rxb8 32. g3 Rbf8 33. Rc2 Ng5 34. Kg2 Nh3 35. f4 Nxf4+ 36. gxf4 Re8 37. Qg3 Rfe6 38. Rcf2 Re3 39. Rf3 Re2+ 40. R1f2 Kh7 41. Rxe2 Rxe2+ 42. Rf2 Re4 43. f5 Rxb4 44. Qc7+ Kh6 45. Qg3 Qg5 46. f6 Rb8 47. Nf5+ Kg6 48. Ne7+ Kf7 49. Qxb8 1-0

[Event "Titled Tuesday intern op 31st Jan Late"]
[Site "Chess.com INT"]
[Date "2023.01.31"]
[Round "5"]
[White "Jeet, Jain"]
[Black "Erdogdu, Mert"]
[Result "0-1"]
[WhiteElo "2218"]
[BlackElo "2413"]
[PlyCount "72"]
[EventDate "2023.01.31"]
[EventType "swiss (blitz)"]
[EventRounds "11"]
[EventCountry "USA"]
[SourceTitle "CBM 212 Extra"]
[Source "ChessBase"]
[SourceDate "2023.03.31"]
[SourceVersion "1"]
[SourceVersionDate "2023.03.31"]
[SourceQuality "1"]

1. Nf3 d5 2. g3 e6 3. Bg2 c5 4. 0-0 Nf6 5. d4 Be7 6. c3 0-0 7. Re1 b6 8. Bg5 Nbd7 9. Nbd2 Bb7 10. Bxf6 Nxf6 11. Ne5 cxd4 12. cxd4 Rc8 13. Qa4 a6 14. Rac1 Qd6 15. e3 Qb4 16. Qxb4 Bxb4 17. Nef3 Ne4 18. Rxc8 Rxc8 19. Rd1 Nxd2 20. Nxd2 Rc2 21. Nf3 Rxb2 22. Rc1 Bd6 23. a4 f6 24. Bf1 Kf7 25. Ne1 Rb4 26. Ra1 Bc6 27. Bxa6 Rxa4 28. Rxa4 Bxa4 29. Bd3 g6 30. Kf1 b5 31. Ke2 b4 32. Kd2 Ke7 33. Nc2 b3 34. Ne1 Bb4+ 35. Kd1 b2+ 36. Ke2 Bb5 0-1

[Event "Titled Tuesday intern op 24th Jan Late"]
[Site "Chess.com INT"]
[Date "2023.01.24"]
[Round "1"]
[White "Erdogdu, Mert"]
[Black "Szyszylo, Rafal"]
[Result "1-0"]
[WhiteElo "2413"]
[BlackElo "2093"]
[PlyCount "41"]
[EventDate "2023.01.24"]
[EventType "swiss (blitz)"]
[EventRounds "11"]
[EventCountry "USA"]
[SourceTitle "EXT 2024"]
[Source "ChessBase"]
[SourceDate "2023.10.10"]
[SourceVersion "1"]
[SourceVersionDate "2023.10.10"]
[SourceQuality "1"]

1. e4 d6 2. d4 Nf6 3. Nc3 g6 4. Bg5 Bg7 5. Qd2 c6 6. f4 b5 7. Bd3 Qb6 8. e5 b4 9. Nce2 Nd5 10. Nf3 0-0 11. 0-0 f6 12. Bh4 Bg4 13. exf6 exf6 14. f5 g5 15. Bg3 c5 16. Bc4 Qc6 17. dxc5 Qxc5+ 18. Qd4 Rc8 19. Bxd5+ Kh8 20. Qxc5 Rxc5 21. Bxa8 1-0

[Event "Titled Tuesday intern op 24th Jan Late"]
[Site "Chess.com INT"]
[Date "2023.01.24"]
[Round "3"]
[White "Womacka, Mathias"]
[Black "Erdogdu, Mert"]
[Result "0-1"]
[WhiteElo "2409"]
[BlackElo "2413"]
[PlyCount "48"]
[EventDate "2023.01.24"]
[EventType "swiss (blitz)"]
[EventRounds "11"]
[EventCountry "USA"]
[SourceTitle "EXT 2024"]
[Source "ChessBase"]
[SourceDate "2023.10.10"]
[SourceVersion "1"]
[SourceVersionDate "2023.10.10"]
[SourceQuality "1"]

1. e4 c5 2. Nf3 d6 3. d4 cxd4 4. Nxd4 Nf6 5. Nc3 a6 6. Be2 e6 7. 0-0 Be7 8. f4 Qc7 9. Kh1 0-0 10. Qe1 Nc6 11. Be3 Bd7 12. Qg3 b5 13. a3 Rfe8 14. Rae1 Rac8 15. e5 dxe5 16. fxe5 Nxe5 17. Bf4 Bd6 18. Bxb5 Nh5 19. Qf2 Nxf4 20. Bxd7 Nxd7 21. g3 Qb7+ 22. Ne4 Nf6 23. Qf3 Nxe4 24. Rxe4 Ng6 0-1

[Event "Titled Tuesday intern op 03rd Jan Late"]
[Site "Chess.com INT"]
[Date "2023.01.03"]
[Round "9"]
[White "Erdogdu, Mert"]
[Black "Poliakova, Varvara"]
[Result "0-1"]
[WhiteElo "2413"]
[BlackElo "1835"]
[PlyCount "94"]
[EventDate "2023.01.03"]
[EventType "swiss (blitz)"]
[EventRounds "11"]
[EventCountry "USA"]
[SourceTitle "EXT 2024"]
[Source "ChessBase"]
[SourceDate "2023.10.10"]
[SourceVersion "1"]
[SourceVersionDate "2023.10.10"]
[SourceQuality "1"]

1. e4 e5 2. Nf3 Nc6 3. Bc4 Bc5 4. 0-0 Nf6 5. d3 h6 6. a4 g5 7. c3 d6 8. Be3 g4 9. Nfd2 Bxe3 10. fxe3 h5 11. Na3 Qe7 12. Qe2 Be6 13. Qf2 Rh6 14. d4 Bxc4 15. Naxc4 0-0-0 16. d5 Nb8 17. b4 Nbd7 18. a5 a6 19. Rab1 h4 20. Qf5 Rh5 21. Qf2 g3 22. hxg3 hxg3 23. Qxg3 Rg8 24. Qf3 Rhg5 25. Rf2 Rg3 26. Qe2 Qf8 27. b5 axb5 28. Rxb5 Qh6 29. Rf3 Rh3 30. Rxh3 Qxh3 31. a6 bxa6 32. Ra5 Nb8 33. Ra4 Qg3 34. Nf1 Qg5 35. Na5 Ng4 36. Nc6 Kd7 37. Qf3 Nxc6 38. dxc6+ Ke6 39. Rxa6 Nf6 40. Nh2 d5 41. exd5+ Nxd5 42. Nf1 f5 43. c4 Nc3 44. Qh3 Ne2+ 45. Kf2 Nc1 46. Qh7 Qxg2+ 47. Ke1 Qe2# 0-1

[Event "Titled Tuesday intern op 03rd Jan Late"]
[Site "Chess.com INT"]
[Date "2023.01.03"]
[Round "11"]
[White "Novikov, Evgenij"]
[Black "Erdogdu, Mert"]
[Result "1/2-1/2"]
[WhiteElo "2276"]
[BlackElo "2413"]
[PlyCount "113"]
[EventDate "2023.01.03"]
[EventType "swiss (blitz)"]
[EventRounds "11"]
[EventCountry "USA"]
[SourceTitle "EXT 2024"]
[Source "ChessBase"]
[SourceDate "2023.10.10"]
[SourceVersion "1"]
[SourceVersionDate "2023.10.10"]
[SourceQuality "1"]

1. Nf3 d5 2. d4 e6 3. c4 c5 4. e3 Nf6 5. Nc3 a6 6. cxd5 exd5 7. Be2 Nc6 8. 0-0 Bd6 9. dxc5 Bxc5 10. a3 0-0 11. b4 Ba7 12. Bb2 Bg4 13. h3 Bh5 14. Na4 Ne4 15. Rc1 Re8 16. Nc5 Bxc5 17. bxc5 Qd7 18. Nd4 Bxe2 19. Qxe2 Ne5 20. Rfd1 Rad8 21. c6 bxc6 22. Qxa6 Ra8 23. Qe2 Nc4 24. Nf3 Qf5 25. Rxc4 dxc4 26. Qxc4 Qb5 27. Qxb5 cxb5 28. Nd4 Red8 29. Rc1 Rac8 30. Rxc8 Rxc8 31. Nxb5 Rc2 32. Bd4 Nxf2 33. a4 Ne4 34. a5 Ra2 35. Bb6 f5 36. Nc7 Nd6 37. a6 Nc8 38. Bd4 Kf7 39. Kh2 g5 40. Kg3 h6 41. h4 Ke7 42. hxg5 hxg5 43. Kf3 Kd6 44. Ne8+ Kd5 45. Ng7 Nd6 46. a7 Ra6 47. g4 fxg4+ 48. Kxg4 Nb5 49. Nf5 Nxa7 50. Bxa7 Rxa7 51. Kxg5 Ke4 52. Ng3+ Kf3 53. Nf5 Ra5 54. Kf6 Ke4 55. Nd6+ Kxe3 56. Nc4+ Kd4 57. Nxa5 1/2-1/2

[Event "Titled Tuesday intern op 03rd Jan Late"]
[Site "Chess.com INT"]
[Date "2023.01.03"]
[Round "10"]
[White "Stachanczyk, Jacek"]
[Black "Erdogdu, Mert"]
[Result "1-0"]
[WhiteElo "2189"]
[BlackElo "2413"]
[PlyCount "99"]
[EventDate "2023.01.03"]
[EventType "swiss (blitz)"]
[EventRounds "11"]
[EventCountry "USA"]
[SourceTitle "EXT 2024"]
[Source "ChessBase"]
[SourceDate "2023.10.10"]
[SourceVersion "1"]
[SourceVersionDate "2023.10.10"]
[SourceQuality "1"]

1. e4 c5 2. Nf3 d6 3. d4 cxd4 4. Nxd4 Nf6 5. Nc3 a6 6. Bg5 e6 7. f4 Qb6 8. Qd3 Nc6 9. Nxc6 bxc6 10. 0-0-0 Rb8 11. b3 d5 12. Be2 h6 13. Bh4 Be7 14. Bg3 0-0 15. f5 exf5 16. exd5 cxd5 17. Bxb8 Qxb8 18. Nxd5 Nxd5 19. Qxd5 Be6 20. Qa5 Bf6 21. g3 f4 22. gxf4 Qxf4+ 23. Kb1 Rc8 24. Rhf1 Qh4 25. Qxa6 g6 26. Rxf6 Qxf6 27. Bc4 Qc3 28. Bd3 Kg7 29. Rf1 Rc5 30. Qd6 Rd5 31. Qg3 Rg5 32. Qe3 Re5 33. Qc1 Rd5 34. Qb2 Qxb2+ 35. Kxb2 Re5 36. a4 f5 37. b4 g5 38. a5 Bd5 39. c4 Be4 40. Bxe4 fxe4 41. Kc3 e3 42. Kd4 e2 43. Re1 Re8 44. Kd3 Rd8+ 45. Kc3 Re8 46. Kd3 Rd8+ 47. Kxe2 Rd4 48. Rc1 Kf6 49. a6 Ke7 50. a7 1-0

[Event "Titled Tuesday intern op 13th Dec Late"]
[Site "Chess.com INT"]
[Date "2022.12.13"]
[Round "4"]
[White "Erdogdu, Mert"]
[Black "Ozates, Tuna"]
[Result "1-0"]
[WhiteElo "2413"]
[BlackElo "2251"]
[PlyCount "77"]
[EventDate "2022.12.13"]
[EventType "swiss (blitz)"]
[EventRounds "11"]
[EventCountry "USA"]
[SourceTitle "EXT 2024"]
[Source "ChessBase"]
[SourceDate "2023.10.10"]
[SourceVersion "1"]
[SourceVersionDate "2023.10.10"]
[SourceQuality "1"]

1. e4 e5 2. Nf3 Nc6 3. Bc4 Bc5 4. d3 Nf6 5. 0-0 d6 6. c3 a6 7. a4 0-0 8. Bg5 h6 9. Bh4 g5 10. Bg3 Re8 11. Re1 Ba7 12. Nbd2 Ne7 13. d4 Ng6 14. Qb3 Qe7 15. Rad1 Rb8 16. a5 Nh5 17. dxe5 dxe5 18. Nxe5 Nxe5 19. Bxe5 Qxe5 20. Bxf7+ Kg7 21. Bxh5 Be6 22. Qa3 g4 23. Bxe8 Rxe8 24. Nf1 Rf8 25. Rd2 Bc5 26. b4 Ba7 27. Qc1 c6 28. Qd1 h5 29. c4 h4 30. c5 Bb8 31. g3 hxg3 32. Nxg3 Rh8 33. Rd7+ Bxd7 34. Qxd7+ Kf6 35. Qxg4 Bc7 36. Rd1 Kf7 37. Rd7+ Ke8 38. Rd3 Rf8 39. Qd7# 1-0

[Event "Titled Tuesday intern op 13th Dec Late"]
[Site "Chess.com INT"]
[Date "2022.12.13"]
[Round "3"]
[White "Sarana, Alexey"]
[Black "Erdogdu, Mert"]
[Result "1-0"]
[WhiteElo "2668"]
[BlackElo "2413"]
[PlyCount "107"]
[EventDate "2022.12.13"]
[EventType "swiss (blitz)"]
[EventRounds "11"]
[EventCountry "USA"]
[SourceTitle "EXT 2024"]
[Source "ChessBase"]
[SourceDate "2023.10.10"]
[SourceVersion "1"]
[SourceVersionDate "2023.10.10"]
[SourceQuality "1"]

1. d4 d5 2. c4 e6 3. Nc3 c5 4. dxc5 d4 5. Na4 e5 6. Nf3 Nc6 7. e3 Bxc5 8. Nxc5 Qa5+ 9. Bd2 Qxc5 10. exd4 exd4 11. Bd3 Nf6 12. Qe2+ Be6 13. Ng5 0-0 14. Nxe6 fxe6 15. Qxe6+ Kh8 16. 0-0 Rae8 17. Qf5 Re5 18. Qh3 Rh5 19. Qg3 Ne5 20. b4 Qc8 21. c5 Nd5 22. Rae1 Qc7 23. Be4 Nc3 24. Bf4 Qe7 25. Bxb7 Qxb7 26. Bxe5 Rhf5 27. Bxd4 Nd5 28. a3 Nf4 29. Be3 Nh5 30. Qg4 g6 31. Bd4+ Kg8 32. g3 Nf6 33. Qe2 Nd5 34. Qe6+ R5f7 35. c6 Qb5 36. Bc5 Rd8 37. c7 Nxc7 38. Qe5 Nd5 39. Rd1 Rfd7 40. Qe6+ Rf7 41. Rxd5 Re8 42. Qd6 Qe2 43. Rd2 Qe4 44. Qd5 Qxd5 45. Rxd5 Re2 46. Rd8+ Kg7 47. Ra8 Kh6 48. Rxa7 Rf5 49. Be3+ g5 50. Kg2 Kh5 51. h3 Re5 52. Ra6 R5xe3 53. g4+ Kh4 54. Rh6# 1-0

[Event "UAE National Day 51st"]
[Site "Sharjah"]
[Date "2022.12.03"]
[Round "2"]
[White "Erdogdu, Mert"]
[Black "Salem, AR Saleh"]
[Result "0-1"]
[WhiteElo "2413"]
[BlackElo "2677"]
[PlyCount "72"]
[EventDate "2022.12.03"]
[EventType "swiss (rapid)"]
[EventRounds "10"]
[EventCountry "UAE"]
[SourceTitle "CBM 211 Extra"]
[Source "ChessBase"]
[SourceDate "2023.01.31"]
[SourceVersion "1"]
[SourceVersionDate "2023.01.31"]
[SourceQuality "1"]

1. e4 c5 2. Nf3 Nc6 3. d4 cxd4 4. Nxd4 Nf6 5. Nc3 e5 6. Ndb5 d6 7. Bg5 a6 8. Na3 b5 9. Nd5 Be7 10. Bxf6 Bxf6 11. c4 b4 12. Nc2 0-0 13. g3 a5 14. b3 g6 15. Bg2 Bg7 16. 0-0 Be6 17. Qd3 Qb8 18. Rad1 Qa7 19. Kh1 Rad8 20. f4 exf4 21. gxf4 f5 22. Nce3 Kh8 23. exf5 gxf5 24. Bh3 Qf7 25. Rg1 Bd4 26. Rg5 h6 27. Rxf5 Bxf5 28. Nxf5 Bc5 29. Qc2 Rde8 30. Qb2+ Kh7 31. Qb1 Qg6 32. Rd3 Rxf5 33. Rg3 Rg5 34. Nf6+ Kh8 35. Qxg6 Re1+ 36. Kg2 Rxg6 0-1

[Event "Speed Chess Q2"]
[Site "Chess.com INT"]
[Date "2022.11.12"]
[Round "9"]
[White "Alekseenko, Kirill"]
[Black "Erdogdu, Mert"]
[Result "1-0"]
[WhiteElo "2687"]
[BlackElo "2413"]
[PlyCount "151"]
[EventDate "2022.11.12"]
[EventType "swiss (blitz)"]
[EventRounds "14"]
[EventCountry "USA"]
[SourceTitle "CBM 211 Extra"]
[Source "ChessBase"]
[SourceDate "2023.01.31"]
[SourceVersion "1"]
[SourceVersionDate "2023.01.31"]
[SourceQuality "1"]

1. e4 c5 2. h3 Nc6 3. Bb5 g6 4. Bxc6 bxc6 5. Nf3 d6 6. d3 f5 7. Nc3 Nf6 8. e5 Nd5 9. 0-0 Nxc3 10. bxc3 Bg7 11. Bf4 0-0 12. Qd2 c4 13. d4 Be6 14. exd6 exd6 15. Bh6 Bd5 16. Bxg7 Kxg7 17. Qf4 Qf6 18. Rab1 Rab8 19. Rfe1 h6 20. h4 Be4 21. Rxb8 Rxb8 22. Nd2 Bd5 23. Nf1 g5 24. Qc1 f4 25. Nd2 Rb7 26. hxg5 hxg5 27. Ne4 Qg6 28. f3 Re7 29. Nf2 Rxe1+ 30. Qxe1 Kf7 31. Qb1 Qe6 32. Ng4 Qd7 33. a4 Be6 34. Nf2 Bf5 35. a5 Qe7 36. Qf1 Qe6 37. Qb1 Kg6 38. Kh2 Qe2 39. Kg1 Bxc2 40. Qf1 Qxf1+ 41. Kxf1 Bf5 42. Nd1 Kf6 43. Kf2 Ke6 44. Ke2 Kd5 45. g4 Bc2 46. Nf2 Ke6 47. Kd2 Ba4 48. Ne4 Kd5 49. Nxg5 c5 50. dxc5 Kxc5 51. Ne6+ Kd5 52. Nxf4+ Ke5 53. Ne2 Bc6 54. Ke3 Bd5 55. f4+ Kf6 56. Nd4 Bb7 57. Kf2 Bc8 58. Kg3 Bd7 59. Kf3 d5 60. Kg3 Kg6 61. Kh4 Kf6 62. Kh5 Be8+ 63. Kh6 Bd7 64. g5+ Kf7 65. f5 Kg8 66. Kg6 Kf8 67. Kf6 Be8 68. Ke5 Bf7 69. g6 Bg8 70. f6 Ke8 71. Kd6 Kf8 72. a6 Bf7 73. gxf7 Kxf7 74. Kxd5 Kxf6 75. Kxc4 Ke5 76. Kc5 1-0

[Event "Speed Chess Q2"]
[Site "Chess.com INT"]
[Date "2022.11.12"]
[Round "1"]
[White "Erdogdu, Mert"]
[Black "Fernandez Siles, Luis"]
[Result "1-0"]
[WhiteElo "2413"]
[BlackElo "2220"]
[PlyCount "91"]
[EventDate "2022.11.12"]
[EventType "swiss (blitz)"]
[EventRounds "14"]
[EventCountry "USA"]
[SourceTitle "CBM 211 Extra"]
[Source "ChessBase"]
[SourceDate "2023.01.31"]
[SourceVersion "1"]
[SourceVersionDate "2023.01.31"]
[SourceQuality "1"]

1. e4 c5 2. Nf3 Nc6 3. d4 cxd4 4. Nxd4 Nf6 5. Nc3 e5 6. Ndb5 d6 7. Bg5 a6 8. Na3 b5 9. Nd5 Be7 10. Bxf6 Bxf6 11. c4 b4 12. Nc2 0-0 13. g3 Rb8 14. b3 Bg5 15. h4 Bh6 16. Bh3 Be6 17. Kf1 a5 18. Kg2 Ne7 19. Nxe7+ Qxe7 20. Qd3 Rfd8 21. Rhd1 g6 22. a3 Qf6 23. Bxe6 fxe6 24. axb4 axb4 25. Ra6 Bf8 26. Ne3 Ra8 27. Rda1 Rxa6 28. Rxa6 Qe7 29. Ng4 Qb7 30. Ra4 Be7 31. Ne3 Ra8 32. Rxa8+ Qxa8 33. Nc2 Qa5 34. Ne1 Qa1 35. Kf1 Kg7 36. Ke2 Bd8 37. Qxd6 Qb2+ 38. Qd2 Qxb3 39. Qxd8 Qxc4+ 40. Qd3 Qc5 41. Nf3 Qa5 42. Qb3 h6 43. Nd2 Qb5+ 44. Qc4 Qa4 45. Qxe6 Qc2 46. Qxe5+ 1-0

[Event "Speed Chess Q2"]
[Site "Chess.com INT"]
[Date "2022.11.12"]
[Round "13"]
[White "Erdogdu, Mert"]
[Black "Samsonkin, Artiom"]
[Result "1-0"]
[WhiteElo "2413"]
[BlackElo "2421"]
[PlyCount "99"]
[EventDate "2022.11.12"]
[EventType "swiss (blitz)"]
[EventRounds "14"]
[EventCountry "USA"]
[SourceTitle "CBM 211 Extra"]
[Source "ChessBase"]
[SourceDate "2023.01.31"]
[SourceVersion "1"]
[SourceVersionDate "2023.01.31"]
[SourceQuality "1"]

1. e4 c6 2. d4 d5 3. exd5 cxd5 4. c4 Nf6 5. Nc3 e6 6. Nf3 Bb4 7. cxd5 Nxd5 8. Bd2 Nc6 9. Bd3 Bd7 10. Nxd5 exd5 11. 0-0 Bxd2 12. Qxd2 0-0 13. Rfe1 Qf6 14. Ne5 Rad8 15. Bc2 Bf5 16. Bb3 Rfe8 17. Nxc6 Qxc6 18. Qa5 a6 19. Rac1 Rxe1+ 20. Rxe1 Qd6 21. Qxd5 Qxd5 22. Bxd5 Be6 23. Bxe6 fxe6 24. Re4 e5 25. Kf1 exd4 26. Ke2 Rd7 27. Kd3 Kf7 28. Rxd4 Re7 29. h4 h5 30. f3 Kf6 31. Rf4+ Kg6 32. Re4 Rd7+ 33. Rd4 Rc7 34. g4 hxg4 35. fxg4 Kh6 36. Rd6+ Kh7 37. Rb6 Rf7 38. Ke4 Rc7 39. h5 Rc4+ 40. Kf5 Rc5+ 41. Kf4 Rc4+ 42. Kg5 Rc5+ 43. Kh4 Rc7 44. a4 a5 45. b3 Rd7 46. Kg5 Rd5+ 47. Kf4 Rd4+ 48. Kf5 Rd5+ 49. Ke4 Rd7 50. g5 1-0